<?xml version="1.0" encoding="UTF-8"?>
<collection xmlns:xsi="http://www.w3.org/2001/XMLSchema-instance" xsi:schemaLocation="http://www.loc.gov/MARC21/slim http://www.loc.gov/standards/marcxml/schema/MARC21slim.xsd" xmlns="http://www.loc.gov/MARC21/slim">
 <record>
  <leader>00000cam a22000004a 4500</leader>
  <controlfield tag="001">UP-99796217611385814</controlfield>
  <controlfield tag="003">Buklod</controlfield>
  <controlfield tag="005">20240425111233.0</controlfield>
  <controlfield tag="006">aa    r     ||| u </controlfield>
  <controlfield tag="007">ta</controlfield>
  <controlfield tag="008">240425s2013    xx     d     |||| ||    |</controlfield>
  <datafield tag="020" ind1=" " ind2=" ">
   <subfield code="a">9780691132792 (hbk. : alk. paper)</subfield>
  </datafield>
  <datafield tag="035" ind1=" " ind2=" ">
   <subfield code="a">(iLib)UPD-00227807854</subfield>
  </datafield>
  <datafield tag="040" ind1=" " ind2=" ">
   <subfield code="a">DLC</subfield>
   <subfield code="c">DECON</subfield>
   <subfield code="e">rda</subfield>
  </datafield>
  <datafield tag="090" ind1=" " ind2=" ">
   <subfield code="a">HD 2326</subfield>
   <subfield code="b">H36 2013</subfield>
  </datafield>
  <datafield tag="245" ind1="0" ind2="4">
   <subfield code="a">The Handbook of organizational economics</subfield>
   <subfield code="c">edited by Robert Gibbons and John Roberts.</subfield>
  </datafield>
  <datafield tag="264" ind1=" " ind2="1">
   <subfield code="a">Princeton</subfield>
   <subfield code="b">Princeton University Press</subfield>
   <subfield code="c">c2013.</subfield>
  </datafield>
  <datafield tag="300" ind1=" " ind2=" ">
   <subfield code="a">xi, 1233 p.</subfield>
   <subfield code="b">ill.</subfield>
  </datafield>
  <datafield tag="505" ind1="0" ind2="0">
   <subfield code="a">Introduction / Robert Gibbons and John Roberts&#13;
&#13;
Part 1 - Foundations -- Complementarity in Organizations / Erik Brynjolfsson and Paul Milgrom -- Economic Theories of Incentives in Organizations / Robert Gibbons and John Roberts -- Property Rights -- Ilya Segal and Michael D.Whinston -- Transaction Cost Economics / Steven Tadelis and Oliver E.Williamson &#13;
&#13;
Part 2 - Methods -- 5 Clinical Papers in Organizational Economics / George P. Baker and Ricard Gil -- Experimental Organizational Economics / Colin F. Camerer and Roberto A.Weber -- Insider Econometrics / Casey Ichniowski and Kathryn Shaw &#13;
&#13;
Part 3 - Within Firms: Individuals and Groups --  Employment as an Economic and a Social Relationship / James N. Baron and David M. Kreps -- Authority in Organizations / Patrick Bolton and Mathias Dewatripont -- Decisions in Organizations / Robert Gibbons, Niko Matouschek, and John Roberts -- Leadership and Corporate Culture / Benjamin E. Hermalin -- Personnel Economics / Edward P. Lazear and Paul Oyer -- Theory and Evidence in Internal LaborMarkets / Michael Waldman&#13;
&#13;
Part 4 - Within Firms: Structures and Processes -- echnological Innovation and Organizations / Pierre Azoulay and Josh Lerner -- Hierarchies and the Division of Labor / Luis Garicano and Timothy Van Zandt -- Internal Capital Markets  / Robert Gertner and David Scharfstein -- What Do Managers Do? / Robert Gibbons and Rebecca Henderson -- Corporate Governance / Benjamin E. Hermalin -- Incentives in Hierarchies / Dilip Mookherjee -- Strategy and Organization  / John Roberts and Garth Saloner&#13;
&#13;
Part 5 - Between Firms -- Vertical Integration and Market Structure / Timothy Bresnahan and Jonathan Levin -- Ownership and Organizational Form / Henry Hansmann -- Contracts between Legal Persons / Lewis A. Kornhauser and W. Bentley MacLeod -- Inter-Firm Contracts / Francine Lafontaine and Margaret E. Slade -- Relational Incentive Contracts / James M. Malcomson -- Hybrid Modes of Organization / Claude Menard&#13;
&#13;
Part 6 - Beyond Firms -- Corruption / Abhijit Banerjee, Rema Hanna, and Sendhil Mullainathan -- Delegation, Control, and the Study of Public Bureaucracy / Terry M. Moe</subfield>
  </datafield>
  <datafield tag="650" ind1="1" ind2="0">
   <subfield code="a">Industrial organization (Economic theory).</subfield>
  </datafield>
  <datafield tag="650" ind1=" " ind2="0">
   <subfield code="a">Organizational sociology</subfield>
   <subfield code="x">Economic aspects.</subfield>
  </datafield>
  <datafield tag="650" ind1=" " ind2="0">
   <subfield code="a">Organizational behavior</subfield>
   <subfield code="x">Economic aspects.</subfield>
  </datafield>
  <datafield tag="700" ind1="1" ind2=" ">
   <subfield code="a">Gibbons, Robert</subfield>
   <subfield code="d">1958-.</subfield>
  </datafield>
  <datafield tag="700" ind1="1" ind2=" ">
   <subfield code="a">Roberts, John</subfield>
   <subfield code="d">1945 February 11-.</subfield>
  </datafield>
  <datafield tag="905" ind1=" " ind2=" ">
   <subfield code="a">FO</subfield>
  </datafield>
  <datafield tag="950" ind1=" " ind2=" ">
   <subfield code="a">Monograph</subfield>
  </datafield>
  <datafield tag="852" ind1="0" ind2=" ">
   <subfield code="a">UPD</subfield>
   <subfield code="b">DECON</subfield>
   <subfield code="h">HD 2326</subfield>
   <subfield code="i">H36 2013</subfield>
  </datafield>
  <datafield tag="942" ind1=" " ind2=" ">
   <subfield code="a">Book</subfield>
  </datafield>
 </record>
</collection>
